000
00282nam a2200133Ia 4500
008
220613s9999||||xx |||||||||||||| ||und||
100
_a
Irina Tweedie
245
4
_a
The Chasm Of Fire
250
_a
1979
260
_b
ELEMENT BOOKS
300
_a
206
650
_a
Other
942
_c
GB
999
_c
3504
_d
3504